Logo biblioteca
Santa Fe 2917, Rosario, Santa Fe
Lu-Vi 8 a 19.45
+54-341-4232362
bibliotecaeudoro@gmail.com
Facebook Biblioteca Pedagógica
Sitio web

Leer para soportar el mundo / (Registro nro. 32699)

Detalles MARC
000 -CABECERA
campo fijo de control de longitud 01035nab a2200229 4500
003 - IDENTIFICADOR DEL NÚMERO DE CONTROL
campo de control AR-RoBPED
005 - FECHA Y HORADE LA ULTIMA TRANSACCION
campo de control 20260505095550.0
008 - ELEMENTOS DE LONGITUD FIJA--INFORMACION GENERAL
campo fijo de control de longitud 260505b |||||||| |||| 00| 0 spa d
040 ## - FUENTE CATALOGADORA
Centro catalogador/agencia de origen AR-RoBPED
041 ## - IDIOMA
Código de idioma para texto/pista de sonido o título independiente spa
100 ## - ENCABEZAMIENTO PRINCIPAL--AUTOR PERSONAL
Nombre de persona Rinaldi, Virginia
9 (RLIN) 22104
Función Licenciada en Educación Especial
245 1# - TITULO
Título Leer para soportar el mundo /
260 ## - PUBLICACION
Lugar Buenos Aires :
Editor Noveduc,
Fecha 2023
300 ## - DESCRIPCION FISICA
Extensión 2-3 p.
500 ## - NOTA GENERAL
Nota general En primera persona, desde la experiencia como docente en una institución donde las propuestas tienen como objetivo instalar y sostener una cultura en torno a la lectura, la autora se formula algunas preguntas que tal vez puedan funcionar como mediadores entre el texto literario y el lector.
650 #7 - TERMINO DE MATERIA--CONTROLADO
Término controlado LECTURA
9 (RLIN) 160
Término controlado EXPERIENCIA PEDAGOGICA
9 (RLIN) 3265
Término controlado INSTITUCIONES EDUCATIVAS
9 (RLIN) 1049
773 0# - DOCUMENTO FUENTE
Host Biblionumber 20414
Host Itemnumber 41865
Place, publisher, and date of publication Buenos Aires : Noveduc, 1993-
Título Novedades Educativas
Record control number (AR-RoBPED)20414
International Standard Serial Number 03283534
942 ## - ELEMENTOS KOHA
Fuente de clasificación Universal Decimal Classification
Koha tipo de ítem Revistas
Clasificación 37(05)
Signatura librística Nov 86 N° 390 (Sept.2023)
945 ## - PROCESAMIENTO DE LA INFORMACIÓN LOCAL
Catalogador y fecha mar 05/2026

No hay ítems disponibles.